| 000 | 00957nam a22003017a 4500 | ||
|---|---|---|---|
| 003 | CHAP | ||
| 005 | 20220329140959.0 | ||
| 008 | 971013s1967 r 00010 d | ||
| 010 | _a60851 | ||
| 011 | _a61823 | ||
| 035 | _a65991 | ||
| 040 | _cCHAP | ||
| 082 |
_a330.182 _bH3 |
||
| 100 | 0 | 0 |
_aHarmston, Floyd K. _952775 |
| 245 | _aApplication of an input-output framework to a community economic system | ||
| 260 |
_aColumbia : _bUniversity of Missouri Press, _c1967 |
||
| 300 | _a124 p. | ||
| 590 |
_aBATCH-UPD _b10 _c20130110 _lUCH01 _h0349 |
||
| 590 |
_aBATCH-UPD _b10 _c20130110 _lUCH01 _h1827 |
||
| 590 |
_aBATCH-UPD _b10 _c20130410 _lUCH01 _h0023 |
||
| 590 |
_aBATCH-UPD _b10 _c20130914 _lUCH01 _h1234 |
||
| 590 |
_aCONVERSION _b10 _c20130109 _lUCH01 _h1333 |
||
| 650 | 1 | 4 |
_aEconomÃa matemática. _935276 |
| 700 | 0 |
_aLund, Richard E. _969141 |
|
| 901 | _aBK | ||
| 942 | _cLIBRO | ||
| 949 |
_a330.182 H3 _bBC _cLIBRO _d33724000322491 _eLIBRO _f28194 _i65991 _si |
||
| 999 |
_c60851 _d60851 |
||